<?xml version="1.0" encoding="UTF-8"?>
<marc:record xmlns:marc="http://www.loc.gov/MARC21/slim">
   <marc:leader>00000nam a2200000 a 4500</marc:leader>
   <marc:datafield ind1="1" ind2=" " tag="100">
      <marc:subfield code="a">Bader, Stascha</marc:subfield>
      <marc:subfield code="4">aut</marc:subfield>
      <marc:subfield code="e">Verfasser/-in</marc:subfield>
   </marc:datafield>
   <marc:datafield ind1=" " ind2=" " tag="653">
      <marc:subfield code="a">DVDM</marc:subfield>
   </marc:datafield>
   <marc:datafield ind1=" " ind2=" " tag="653">
      <marc:subfield code="a">Dokumentarfilm</marc:subfield>
   </marc:datafield>
   <marc:datafield ind1=" " ind2=" " tag="653">
      <marc:subfield code="a">Englisch</marc:subfield>
   </marc:datafield>
   <marc:datafield ind1=" " ind2=" " tag="653">
      <marc:subfield code="a">Jamaika</marc:subfield>
   </marc:datafield>
   <marc:datafield ind1=" " ind2=" " tag="653">
      <marc:subfield code="a">KMA</marc:subfield>
   </marc:datafield>
   <marc:datafield ind1=" " ind2=" " tag="653">
      <marc:subfield code="a">Kanad.</marc:subfield>
   </marc:datafield>
   <marc:datafield ind1=" " ind2=" " tag="653">
      <marc:subfield code="a">Musik</marc:subfield>
   </marc:datafield>
   <marc:datafield ind1=" " ind2=" " tag="653">
      <marc:subfield code="a">Schweizer.</marc:subfield>
   </marc:datafield>
   <marc:datafield ind1=" " ind2=" " tag="653">
      <marc:subfield code="a">Subvention BMUKK</marc:subfield>
   </marc:datafield>
   <marc:datafield ind1=" " ind2=" " tag="653">
      <marc:subfield code="a">Video</marc:subfield>
   </marc:datafield>
   <marc:datafield ind1="0" ind2="0" tag="245">
      <marc:subfield code="a">Rocksteady - The Roots of Reggae</marc:subfield>
   </marc:datafield>
   <marc:datafield ind1="0" ind2="0" tag="245">
      <marc:subfield code="c">Bader, Stascha</marc:subfield>
   </marc:datafield>
   <marc:datafield ind1="1" ind2=" " tag="520">
      <marc:subfield code="a">ROCKSTEADY - THE ROOTS OF REGGAE ist eine musikalische Reise ins goldene Zeitalter der jamaikanischen Musik. Zum ersten Mal nach 40 Jahren kommen die Musiker, Sängerinnen und Sänger der Rocksteady-Ära in Kingston zusammen, um ihren großartigen Sound auferstehen zu lassen und ihre Geschichte zu erzählen.&#xD;
Tonaufnahmen im ursprünglichen Tuff-Gong-Studio, seltene Archivbilder und Gespräche mit den Künstlern zu Hause und an historischen Orten zeichnen ein farbiges Bild der legendären Rocksteady-Zeit. Begleitet von zahlreichen Hits und Evergreens - "By the Rivers of Babylon", "The Tide is High" und "You Don't Love Me (No No No)" - werden die Gründer dieses großen musikalischen Erbes, zu denen auch Bob Marley gehörte, vorgestellt.&#xD;
Englisches Original mit deutschen Untertiteln</marc:subfield>
   </marc:datafield>
</marc:record>
